000 00416cam a22001217a 4500
008 180718b2009 xxu||||| |||| 00| 0 eng d
082 _aAPPPA 2008-09/SAH
100 _aSahgal, Vikram
245 _aCadre management in central para-military forces retrospect and prospects
_cby Vikram Sahgal
260 _aNew Delhi
_bIndian Institute of Public Administration
_c2009
300 _a173p.
650 _aIndia - Armed forces
999 _c495191
_d495191